00328nam a2200121 i 4500001000300000100001900003245008900022260001700111700002100128040000800149041000800157008004100165bg1 aSTRIZALO, W.A. 0aMalocuklovaja ustalost' pri niskich temperaturach /cW.A. Strizalo, W.J. Skripcenko. aKiev,c1987.1 aSKRIPCENKO, W.J. cBPK apol s pl f |000 0 pol